Marketing a marketingové riadenie

Bibliographic Details
Main Author: Tuma, Miroslav, 1931- (Author)
Format: Book
Language:Slovak
PhysicalDescription:24 s. 29 cm
Published: Martin Združenie obcí - Regionálne vzdelávacie centrum 2006
Edition:[1. vyd.]
Series:Študijné materiály
Subjects:

MARC

LEADER 00000nam a2200000 a 4500
001 vtls008845478
003 SK-MaSNL
005 20260302004705.0
008 240313s2006 xo f 000 0 slo
015 |a SNBA2006/09-04999 
035 |a E81559A3-EEC8-4485-AFAA-DB010E250C8A 
035 |a urn:nbn:sk:snk-amktk8 
035 |a urn:nbn:sk:snk-am0055uu 
040 |a SNK  |b slo  |c SNK  |e AACR2 
041 0 |a slo 
044 |a xo  |c SK 
072 7 |a 339  |x Obchod  |2 konspekt 
080 |a 339.138  |2 2001 
080 |a 658.8:005  |2 2001 
080 |a (041)  |2 2001 
100 1 |a Tuma, Miroslav,  |d 1931-  |4 aut  |9 88447 
245 1 0 |a Marketing a marketingové riadenie  |c Miroslav Tuma 
250 |a [1. vyd.] 
260 |a Martin  |b Združenie obcí - Regionálne vzdelávacie centrum  |c 2006 
300 |a 24 s.  |c 29 cm 
490 1 |a Študijné materiály  |v 17/85/2006 
500 |a Názov z obalu. Hrebeňová väzby 
504 |a Bibliogr. s. 12 
521 |a Pre vnútornú potrebu 
650 0 7 |a marketing  |2 SNKPH  |9 2299 
650 0 7 |a marketingový manažment  |2 SNKPH  |9 1715 
655 7 |a brožúry  |2 SNKPH  |9 70146 
830 0 |a Študijné materiály  |9 280008 
999 |c 996846  |d 998776 
952 |a SNK  |b SNK  |y PREZ  |7 0  |p 17A0520831  |o snkSB 72828  |i snk2006/17676  |8 0  |0 0  |1 0  |4 0  |d 2006-09-08  |l 0  |r 2025-04-25 00:00:00  |w 2026-02-24 
952 |a SNK  |b SNK  |y VYP  |7 0  |p 17A0520832  |o snkSB 72828 D1  |i snk2006/17678  |8 0  |0 0  |1 0  |4 0  |d 2006-09-08  |f 1  |l 0  |r 2016-06-30 00:00:00  |w 2026-02-24